Statistiken für Berlin Bus Quiz Linie 204

Klicken Sie hier um das Quiz zu spielen!

Allgemein

  • Dieses Quiz wurde 3 mal gespielt
  • Das Durchschnittsergebnis liegt bei 10 aus 18

Antwortstatistiken

Bus LinieAntwort% Korrekt
Linie 204Hertzallee
100%
Linie 204S Julius-Leber-Brücke
100%
Linie 204S Südkreuz
100%
Linie 204S+U Zoologischer Garten
100%
Linie 204U Kleistpark
100%
Linie 204U Kurfürstendamm
100%
Linie 204Bamberger Str.
50%
Linie 204Eisenacher Str./​Hohenstaufenstr.
50%
Linie 204Goebenstr.
50%
Linie 204Hohenstaufenstr.
50%
Linie 204Leuthener Str
50%
Linie 204Richard-von-Weizsäcker-Platz
50%
Linie 204Torgauer Str
50%
Linie 204U Spichernstr.
50%
Linie 204Friedrich-Hollaender-Platz
0%
Linie 204Gustav-Müller-Platz
0%
Linie 204Münchener Str.
0%
Linie 204Winterfeldtplatz
0%

Verteilung der Resultate

Perzentil nach korrekt beantworteten Fragen

Anzahl Personen mit jedem Resultat

Ihre Resultats-Entwicklung

Sie haben dieses Quiz noch nicht gespielt